[Event "RSA-ch U20"]
[Site "Kapstadt"]
[Date "2022.07.12"]
[Round "4"]
[White "Mnyasta, Tezihano"]
[Black "Kedama, Sandiso"]
[Result "1-0"]
[WhiteElo "1627"]
[BlackElo "1738"]
[PlyCount "64"]
[EventDate "2022.07.11"]
[EventType "swiss"]
[EventRounds "6"]
[EventCountry "RSA"]
[SourceTitle "EXT 2023"]
[Source "ChessBase"]
[SourceDate "2022.10.05"]
[SourceVersion "1"]
[SourceVersionDate "2022.10.05"]
[SourceQuality "1"]

1. d4 d5 2. c4 c6 3. Nc3 Nf6 4. cxd5 cxd5 5. Bg5 Nc6 6. e3 a6 7. Bd3 e6 8. a3 Be7 9. Nge2 Bd7 10. 0-0 b5 11. f4 h6 12. Bh4 Qb6 13. f5 Ng4 14. Bxe7 Nxe7 15. fxe6 Qxe6 16. e4 Ne3 17. Qd2 Nxf1 18. Rxf1 0-0 19. Rf3 Rad8 20. e5 Rb8 21. Nf4 Qc6 22. Rg3 Bf5 23. Ncxd5 Nxd5 24. Bxf5 Nxf4 25. Qxf4 Kh8 26. h3 Qd5 27. Qh4 Rbd8 28. Rg4 Qb3 29. Kh2 Qxb2 30. Rxg7 Kxg7 31. Qf6+ Kg8 32. Qxh6 f6 1-0

[Event "RSA-chT Regions"]
[Site "Boksburg"]
[Date "2020.01.09"]
[Round "2.4"]
[White "Ndlovu, Sizwe"]
[Black "Kedama, Sandiso"]
[Result "1/2-1/2"]
[WhiteElo "1853"]
[BlackElo "1553"]
[PlyCount "134"]
[EventDate "2020.01.09"]
[EventType "team-swiss"]
[EventRounds "7"]
[EventCountry "RSA"]
[SourceTitle "CBM 194 Extra"]
[Source "ChessBase"]
[SourceDate "2020.03.31"]
[SourceVersion "1"]
[SourceVersionDate "2020.03.31"]
[SourceQuality "1"]
[WhiteTeam "Johannesburg Black Bishops"]
[BlackTeam "Western Province Youth"]
[WhiteTeamCountry "RSA"]
[BlackTeamCountry "RSA"]

1. Nf3 d5 2. d4 Nf6 3. g3 Bf5 4. c4 c6 5. Nc3 e6 6. Bg2 Be7 7. 0-0 Nbd7 8. Re1 0-0 9. Qb3 Qc8 10. Nh4 Bg6 11. Nxg6 hxg6 12. e4 dxe4 13. Nxe4 Nxe4 14. Bxe4 Nf6 15. Bg2 Rd8 16. Be3 Rd7 17. h3 Qc7 18. Rad1 b6 19. Qa4 Rc8 20. b4 Ne8 21. Qb3 Nd6 22. g4 b5 23. Bf1 Nxc4 24. Bxc4 bxc4 25. Qxc4 Bf6 26. g5 Be7 27. Rc1 Rd5 28. h4 Qd7 29. a4 Rb8 30. Qxc6 Rxb4 31. Qxd7 Rxd7 32. Rc8+ Bd8 33. Kg2 Rxa4 34. Rb1 Kf8 35. Rbb8 Ke8 36. Kh3 Ra6 37. Kg4 f5+ 38. Kf3 Rb6 39. Ra8 Rbb7 40. Rc6 Ke7 41. d5 Rxd5 42. Bxa7 Bc7 43. Bc5+ Kd7 44. Raa6 Rb3+ 45. Be3 f4 46. Rxe6 fxe3 47. fxe3 Rdd3 48. Rxg6 Rxe3+ 49. Kg4 Rb4+ 50. Kh5 Re7 51. Ra7 Rc4 52. Rga6 Ke8 53. Ra8+ Kd7 54. R8a7 Rc6 55. Rxc6 Kxc6 56. Kg6 Kb6 57. Ra2 Be5 58. Re2 Kc6 59. Kf5 Kd5 60. h5 Rf7+ 61. Kg6 Re7 62. h6 gxh6 63. gxh6 Re6+ 64. Kh5 Bf4 65. Rxe6 Kxe6 66. h7 Be5 67. h8Q Bxh8 1/2-1/2